Administering the elementary school ; a co-operative educational enterprise /

Bibliographic Details
Main Author: Reavis, William C. (William Claude), 1881-1955
Format: Book
Language:English
Published: New York : Prentice-Hall, 1953.
Subjects:

MARC

Tag First Indicator Second Indicator Subfields
LEADER 00000cam a2200000 4500
001 in00000078525
005 20200725064649.0
008 711227s1953 nyua 00010 eng
010 |a  53006823  
035 |a (OCoLC)00187627 
035 |9 AAH5051AM 
040 |a DLC  |c WSU  |d OCL  |d TXA  |d UtOrBLW 
049 |a TXAM  |c [230786] 
050 0 |a LB2822.5  |b .R4 
082 1 |a 373 
092 |a 372  |b R288a 
100 1 |a Reavis, William C.  |q (William Claude),  |d 1881-1955. 
245 1 0 |a Administering the elementary school ;  |b a co-operative educational enterprise /  |c [by] William C. Reavis [and others]. 
264 1 |a New York :  |b Prentice-Hall,  |c 1953. 
300 |a 631 pages :  |b illustrations ;  |c 22 cm. 
336 |a text  |b txt  |2 rdacontent 
337 |a unmediated  |b n  |2 rdamedia 
338 |a volume  |b nc  |2 rdacarrier 
650 0 |a Education, Elementary. 
650 0 |a School management and organization. 
999 |a MARS 
999 f f |s a48cfa95-ac08-32ff-b150-af67410efb6a  |i fb852933-0fa5-3e14-b520-0d8187427991  |t 0 
952 f f |p normal  |a Texas A&M University  |b College Station  |c Sterling C. Evans Library  |d Evans: Library Stacks  |t 0  |e LB2822.5 .R4  |h Library of Congress classification  |i unmediated -- volume  |m A14800849087 
998 f f |a LB2822.5 .R4  |t 0  |l Evans: Library Stacks